000 01041nam a2200313 i 4500
003 EG-GICUC
005 20260515175735.0
008 260515s1972 fr ||||f |||| 000 0bfre d
040 _aEG-GiCUC
_bfre
_cEG-GiCUC
_dEG-GiCUC
_eRda
082 0 4 _221
_a345.4
_bGA . F
092 0 4 _221
099 _aLaw1 07 345.4 GA . F 1972 0705202 C1
100 1 _aGazier, François
_eAuteur
245 1 2 _aLa Fonction Publique Dans Le Monde /
_cPar EFrançois Gazier.
_b
264 1 _aParis :
_bEditions Cuias,
_c1972.
300 _a246 Page ;
_c 24 cm.
336 _2rda contenu
_a texte
337 _2rda medias
_aOrdinateur
338 _2 transporteur rda
_a Ressource en ligne
490 0 _aBibliothèque De L'institut International D'administration Publique ;
_v1
504 _aBibliographique Pages : 242-243.
546 _aTexte en français
650 1 4 _aDroit administratif
_2
650 1 4 _aEmplois publics
651 1 _2
856 4 0 _uhttps://fll.law.cu.edu.eg/fulltext/bks/B07-05202.pdf
905 _a164
942 _2ddc
_cBK
_e21
_n0
999 _c76924
_d76924